000 00307nam a22001457a 4500
020 _a81-8423-048-6
082 _a894.812
_bKAY/K
100 _aJAYASHEELAN, P.R
245 _aJEEVITHA REKHAKAL
260 _aTHRISSUR
_bGREEN BOOKS
_c2010
300 _a96
520 _aNOVEL
650 _aNOVEL
942 _cBK
999 _c5369
_d5369